| 000 | 01252nam a2200241 4500 | ||
|---|---|---|---|
| 005 | 20250505150114.0 | ||
| 008 | 250505b |||||||| |||| 00| 0 eng d | ||
| 020 | _a9780691213828 | ||
| 037 | _cTextual | ||
| 040 |
_aRTL _cRTL |
||
| 084 |
_aYb4 R1 _qRTL |
||
| 100 |
_aAshworth, Scott _9754353 |
||
| 245 | _aTheory and credibility: Integrating theoretical and empirical social science | ||
| 260 |
_aPrinceton _bPrinceton University Press _c2021 |
||
| 300 |
_axvi,257 p. ill. _bIncludes bibliographical references and index |
||
| 520 | _aThe credibility revolution, with its emphasis on empirical methods for causal inference, has led to concerns among scholars that the canonical questions about politics and society are being neglected because they are no longer deemed answerable. Theory and Credibility stakes out an opposing view—presenting a new vision of how, working together, the credibility revolution and formal theory can advance social scientific inquiry. | ||
| 650 |
_aSocial sciences- Research- Philosophy _9754354 |
||
| 650 |
_aQuantitative research _9754355 |
||
| 650 | _aMathematical models | ||
| 700 |
_aBerry, Christopher R. _9754356 |
||
| 700 |
_aDe Mesquita, Ethan Bueno _9754357 |
||
| 942 |
_2CC _n0 _cTB _hYb4 R1 |
||
| 999 |
_c1311781 _d1311781 |
||